<?xml version="1.0" encoding="UTF-8"?>
<marc:record xmlns:marc="http://www.loc.gov/MARC21/slim">
   <marc:leader>00000nam a2200000 a 4500</marc:leader>
   <marc:datafield ind1=" " ind2=" " tag="653">
      <marc:subfield code="a">Softcover</marc:subfield>
   </marc:datafield>
   <marc:datafield ind1=" " ind2=" " tag="653">
      <marc:subfield code="a">Karte</marc:subfield>
   </marc:datafield>
   <marc:datafield ind1=" " ind2=" " tag="653">
      <marc:subfield code="a">Jugendbuch / Bilderbücher</marc:subfield>
   </marc:datafield>
   <marc:datafield ind1="0" ind2="0" tag="245">
      <marc:subfield code="a">Die Schöpfung</marc:subfield>
   </marc:datafield>
   <marc:datafield ind1="0" ind2="0" tag="245">
      <marc:subfield code="c">Helme Heine. Musik von Reinhard Seifried</marc:subfield>
   </marc:datafield>
   <marc:datafield ind1=" " ind2="1" tag="264">
      <marc:subfield code="a">Weinheim</marc:subfield>
      <marc:subfield code="b">Beltz &amp; Gelberg</marc:subfield>
      <marc:subfield code="c">2005</marc:subfield>
   </marc:datafield>
   <marc:datafield ind1="1" ind2=" " tag="520">
      <marc:subfield code="a">Angaben aus der Verlagsmeldung

Die Schöpfung : Eine musikalische Erzählung, Vierfarbiges Bilderbuch mit CD / von Helme Heine

Helme Heine entführt uns mit seinem neuen Werk, das Buch und CD umfasst, in das große Geheimnis der Schöpfung. Es ist eine Erzählung in Bildern, Worten und Musik und ein besonderes Erlebnis zum Anschauen, Lesen und Zuhören ... „Am Anfang war das Nichts. Es gab kein Oben und kein Unten, kein Links und kein Rechts. Es gab keine Schneeflocke, keinen Grashalm, kein Glühwürmchen, noch nicht einmal das Atom. Es gab nur Gott - und die Ewigkeit." So lässt Helme Heine seine musikalische Erzählung beginnen. Und er stellt uns Gott als Künstler und Handwerker vor - mit Malpinsel und Schaufel entwirft er Himmel, Erde, Meer, Sterne, Tiere und die Menschen. Seine beiden Menschenkinder - Adam und Eva - haben wiederum viele Kinder und Kindeskinder. Und bei jeder Geburt ziehen drei Freunde ein: Professor Kopf, Rosi Herz und Dick Bauch. Professor Kopf wohnt im Dachgeschoss, Rosi Herz im ersten Stock links und Dick Bauch im Keller. Diese drei Freunde begleiten uns ein Leben lang - bis in den Tod. Die Schöpfung enthält die neu erzählten Geschichten Samstag im Paradies und Der Club. Für die CD vertonte der Komponist und Dirigent Reinhard Seifried die Geschichte zu einer musikalischen Erzählung und komponierte eigens dazu die Musik. Es spielen unter seiner Leitung Mitglieder des Bayerischen Staatsorchesters. Den Text spricht Helme Heine.
</marc:subfield>
   </marc:datafield>
   <marc:datafield ind1=" " ind2=" " tag="020">
      <marc:subfield code="a">9783407793461</marc:subfield>
      <marc:subfield code="9">9783407793461</marc:subfield>
   </marc:datafield>
   <marc:datafield ind1=" " ind2=" " tag="041">
      <marc:subfield code="a">ger</marc:subfield>
   </marc:datafield>
   <marc:datafield ind1=" " ind2=" " tag="300">
      <marc:subfield code="a">64] S.</marc:subfield>
   </marc:datafield>
</marc:record>
